|
|
|
|
| LEADER |
00000nam0a2200000 4500 |
| 001 |
681919 |
| 005 |
20250926120523.0 |
| 090 |
|
|
|a 681919
|
| 100 |
|
|
|a 20250926d1979 k||y0rusy50 ca
|
| 101 |
1 |
|
|a rus
|c eng
|
| 102 |
|
|
|a RU
|
| 105 |
|
|
|a a z 001yy
|
| 181 |
|
0 |
|a i
|b e
|
| 182 |
|
0 |
|a n
|
| 183 |
|
0 |
|a nc
|2 RDAcarrier
|
| 200 |
1 |
|
|a Стерео-дифференцирующие реакции. Природа асимметрических реакций
|e пер. с англ.
|f И. Идзуми, А. Таи
|
| 203 |
|
|
|a Текст
|b визуальный
|c непосредственный
|
| 210 |
|
|
|a Москва
|c Мир
|d 1979
|
| 215 |
|
|
|a 376 с.
|c ил.
|
| 283 |
|
|
|a volume
|2 RDAcarrier
|
| 320 |
|
|
|a Предметный указатель: с. 366-371
|
| 606 |
|
|
|a Органический синтез, асимметрический
|x (химия)
|9 87241
|
| 610 |
1 |
|
|a молекулярная симметрия
|
| 610 |
1 |
|
|a хиральность
|
| 610 |
1 |
|
|a хиральные молекулы
|
| 610 |
1 |
|
|a прохиральные молекулы
|
| 610 |
1 |
|
|a номенклатура
|
| 610 |
1 |
|
|a стерео-дифференцирующие реакции
|
| 610 |
1 |
|
|a стерео-дифференцирующие реакционные системы
|
| 610 |
1 |
|
|a изучение
|
| 610 |
1 |
|
|a оптическая активность
|
| 610 |
1 |
|
|a теория
|
| 675 |
|
|
|a 547.057
|v 4
|
| 700 |
|
1 |
|a Идзуми
|b И.
|
| 701 |
|
1 |
|a Таи
|b А.
|
| 801 |
|
0 |
|a RU
|b 63413507
|c 20250926
|
| 830 |
|
|
|a Ретро2025Каталогизация Шило
|
| 850 |
|
|
|a 63413507
|
| 942 |
|
|
|c BK
|